<?xml version="1.0" encoding="UTF-8"?>
<collection xmlns="http://www.loc.gov/MARC21/slim">
 <record>
  <leader>05911nam a2200469 a 4500</leader>
  <controlfield tag="001">kal4696</controlfield>
  <controlfield tag="003">Gr-AtHEAL</controlfield>
  <controlfield tag="005">20160425064725.0</controlfield>
  <controlfield tag="006">m        d        </controlfield>
  <controlfield tag="008">160413s2015    gr      s           gre|c</controlfield>
  <datafield tag="020" ind1=" " ind2=" ">
   <subfield code="a">9789606034893</subfield>
  </datafield>
  <datafield tag="040" ind1=" " ind2=" ">
   <subfield code="a">GR-AtHEAL</subfield>
   <subfield code="b">gre</subfield>
   <subfield code="c">GR-AtHEAL</subfield>
  </datafield>
  <datafield tag="082" ind1="0" ind2="4">
   <subfield code="a">613.2</subfield>
   <subfield code="2">23</subfield>
  </datafield>
  <datafield tag="100" ind1="1" ind2=" ">
   <subfield code="a">Ανδρικόπουλος, Νικόλαος.</subfield>
   <subfield code="8">969</subfield>
  </datafield>
  <datafield tag="245" ind1="1" ind2="0">
   <subfield code="a">Τροφογνωσία</subfield>
   <subfield code="h">[Ηλεκτρονικός πόρος] </subfield>
   <subfield code="b">Περιγραφική χημεία και τεχνολογία τροφίμων</subfield>
   <subfield code="c">Ανδρικόπουλος, Νικόλαος ; Κριτικός αναγνώστης,Πολυσίου, Μόσχος.</subfield>
  </datafield>
  <datafield tag="260" ind1=" " ind2=" ">
   <subfield code="a">Αθήνα :</subfield>
   <subfield code="b">Σύνδεσμος Ελληνικών Ακαδημαϊκών Βιβλιοθηκών,</subfield>
   <subfield code="c">c2015.</subfield>
  </datafield>
  <datafield tag="490" ind1=" " ind2=" ">
   <subfield code="a">Ακαδημαϊκά Ηλεκτρονικά Συγγράμματα και Βοηθήματα Κάλλιπος</subfield>
   <subfield code="8">40</subfield>
  </datafield>
  <datafield tag="520" ind1=" " ind2=" ">
   <subfield code="a">Το βιβλίο είναι δομημένο με το Προοίμιο την Εισαγωγή, την Κύρια Ύλη με 35 κεφάλαια και το Παράρτημα. Όλα τα κεφάλαια περιέχουν παραγράφους, σχήματα, πίνακες και διαγράμματα ροής για την ευχερέστερη διάκριση και κατανόηση της ύλης. Το &quot;ΠΡΟΟΙΜΙΟ&quot; περιέχει σύντομη αναφορά στις διακρίσεις, στους συμβολισμούς και στις ισομέρειες των οργανικών ενώσεων που είναι απαραίτητες για την κατανόηση των δομών των χημικών ενώσεων συνήθεις σε χρήση στη Χημεία Τροφίμων. Η &quot;ΕΙΣΑΓΩΓΗ&quot; περιλαμβάνει τις βασικές έννοιες και διακρίσεις της Επιστήμης των Τροφίμων, αναφορά στα θρεπτικά συστατικά των τροφίμων καθώς και αναφορά στις γενικές ρεολογικές ιδιότητες των τροφίμων. Η &quot;ΚΥΡΙΑ ΥΛΗ&quot; του βιβλίου είναι ομαδοποιημένη σε 3 ΕΝΟΤΗΤΕΣ, η κάθε μία από τις οποίες αποτελείται από διάφορα ΜΕΡΗ. Στο κάθε ΜΕΡΟΣ έχουν ομαδοποιηθεί τα ΚΕΦΑΛΑΙΑ ομοειδούς περιεχομένου όπου το κάθε Κεφάλαιο αποτελεί ένα αυτοτελές γνωστικό αντικείμενο. Στην ΕΝΟΤΗΤΑ I &quot;ΤΑ ΣΥΣΤΑΤΙΚΑ ΤΩΝ ΤΡΟΦΙΜΩΝ&quot; υπάγονται τα αντικείμενα που περιγράφουν τα μάκρο- και μίκρο- συστατικά των τροφίμων ένα προς ένα. Η ενότητα αυτή περιλαμβάνει 2 ΜΕΡΗ, ως ακολούθως. Η ΕΝΟΤΗΤΑ ΙΙ &quot;ΤΑ ΒΑΣΙΚΑ ΤΡΟΦΙΜΑ&quot; περιλαμβάνει τα ακόλουθα 5 ΜΕΡΗ, το κάθε ένα από τα οποία περιέχει τις γνώσεις για κάθε ένα ξεχωριστό είδος τροφίμου ή για κάθε μία ιδιαίτερη ομάδα ομοειδών τροφίμων. Για το κάθε είδος τροφίμου δίνονται η &quot;χημεία τροφίμου&quot; (ορισμοί, διακρίσεις, σύσταση, ιδιότητες) και η &quot;τεχνολογία τροφίμου&quot; (παραλαβές, επεξεργασία). Η ΕΝΟΤΗΤΑ ΙΙΙ &quot;ΔΙΑΧΕΙΡΗΣΗ ΤΩΝ ΤΡΟΦΙΜΩΝ&quot; περιλαμβάνει τα ακόλουθα 3 ΜΕΡΗ το καθένα από τα οποία περιέχει είτε ιδιαίτερες κατηγορίες, είτε ιδιαίτερες επεξεργασίες και κατεργασίες των τροφίμων.Τέλος, στο &quot;ΠΑΡΑΡΤΗΜΑ&quot; δίνονται περιληπτικά οι αρχές του μεταβολισμού των θρεπτικών υλών στον οργανισμό, καθώς και ο ρόλος των θρεπτικών υλών στην διατροφή.</subfield>
  </datafield>
  <datafield tag="650" ind1=" " ind2="0">
   <subfield code="a">Nutrition</subfield>
   <subfield code="8">2092</subfield>
  </datafield>
  <datafield tag="650" ind1=" " ind2="0">
   <subfield code="a">Dietetics</subfield>
   <subfield code="8">2339</subfield>
  </datafield>
  <datafield tag="653" ind1=" " ind2=" ">
   <subfield code="a">Διατροφικά στοιχεία</subfield>
  </datafield>
  <datafield tag="653" ind1=" " ind2=" ">
   <subfield code="a">Ζωικά τρόφιμα</subfield>
  </datafield>
  <datafield tag="653" ind1=" " ind2=" ">
   <subfield code="a">Γάλα, γαλακτοκομικά προϊόντα</subfield>
  </datafield>
  <datafield tag="653" ind1=" " ind2=" ">
   <subfield code="a">Μαγείρεμα τροφίμων</subfield>
  </datafield>
  <datafield tag="653" ind1=" " ind2=" ">
   <subfield code="a">Ειδικά φαγητά</subfield>
  </datafield>
  <datafield tag="653" ind1=" " ind2=" ">
   <subfield code="a">Πρόσθετα τροφίμων</subfield>
  </datafield>
  <datafield tag="653" ind1=" " ind2=" ">
   <subfield code="a">Διαχείριση τροφίμων</subfield>
  </datafield>
  <datafield tag="653" ind1=" " ind2=" ">
   <subfield code="a">Συστατικά τροφίμων</subfield>
  </datafield>
  <datafield tag="653" ind1=" " ind2=" ">
   <subfield code="a">Φυτικά τρόφιμα</subfield>
  </datafield>
  <datafield tag="653" ind1=" " ind2=" ">
   <subfield code="a">Τεχνολογία τροφίμων</subfield>
  </datafield>
  <datafield tag="653" ind1=" " ind2=" ">
   <subfield code="a">Χημεία τροφίμων</subfield>
  </datafield>
  <datafield tag="653" ind1=" " ind2=" ">
   <subfield code="a">Επιστήμες υγείας</subfield>
   <subfield code="a">Επιστήμες διατροφής</subfield>
   <subfield code="a">Διαιτητική/διαιτολογία</subfield>
   <subfield code="a">Βιταμίνες</subfield>
  </datafield>
  <datafield tag="653" ind1=" " ind2=" ">
   <subfield code="a">Επιστήμες υγείας</subfield>
   <subfield code="a">Επιστήμες διατροφής</subfield>
   <subfield code="a">Διαιτητική/διαιτολογία</subfield>
  </datafield>
  <datafield tag="653" ind1=" " ind2=" ">
   <subfield code="a">Επιστήμες υγείας</subfield>
   <subfield code="a">Επιστήμες διατροφής</subfield>
  </datafield>
  <datafield tag="653" ind1=" " ind2=" ">
   <subfield code="a">Χημεία/γενική χημεία</subfield>
   <subfield code="a">Βιοχημεία</subfield>
   <subfield code="a">Ενζυμολογία</subfield>
  </datafield>
  <datafield tag="653" ind1=" " ind2=" ">
   <subfield code="a">Χημεία/γενική χημεία</subfield>
   <subfield code="a">Βιοχημεία</subfield>
   <subfield code="a">Πρωτεΐνες</subfield>
  </datafield>
  <datafield tag="700" ind1="1" ind2=" ">
   <subfield code="a">Πολυσίου, Μόσχος</subfield>
   <subfield code="e">Κριτικός αναγνώστης</subfield>
   <subfield code="8">970</subfield>
  </datafield>
  <datafield tag="856" ind1="4" ind2="0">
   <subfield code="u">http://hdl.handle.net/11419/4696</subfield>
   <subfield code="z">Πλήρες Κείμενο - Full text</subfield>
  </datafield>
  <datafield tag="907" ind1=" " ind2=" ">
   <subfield code="a">.b25680559</subfield>
   <subfield code="b">12-06-18</subfield>
   <subfield code="c">29-07-16</subfield>
  </datafield>
  <datafield tag="949" ind1=" " ind2=" ">
   <subfield code="0">0</subfield>
   <subfield code="1">0</subfield>
   <subfield code="2">ddc</subfield>
   <subfield code="4">0</subfield>
   <subfield code="6">613_200000000000000_ΑΝΔ</subfield>
   <subfield code="7">0</subfield>
   <subfield code="8">KALL</subfield>
   <subfield code="8">814</subfield>
   <subfield code="d">2016-04-13</subfield>
   <subfield code="r">2016-04-13</subfield>
   <subfield code="w">2016-04-13</subfield>
   <subfield code="z">613.2 ΑΝΔ</subfield>
   <subfield code="o">SEAB KALLIPOS</subfield>
  </datafield>
  <datafield tag="998" ind1=" " ind2=" ">
   <subfield code="a">80</subfield>
   <subfield code="a">01</subfield>
   <subfield code="a">02</subfield>
   <subfield code="a">03</subfield>
   <subfield code="a">04</subfield>
   <subfield code="a">05</subfield>
   <subfield code="a">06</subfield>
   <subfield code="a">07</subfield>
   <subfield code="a">08</subfield>
   <subfield code="a">09</subfield>
   <subfield code="a">10</subfield>
   <subfield code="a">11</subfield>
   <subfield code="a">12</subfield>
   <subfield code="a">13</subfield>
   <subfield code="a">14</subfield>
   <subfield code="a">15</subfield>
   <subfield code="a">16</subfield>
   <subfield code="a">17</subfield>
   <subfield code="a">18</subfield>
   <subfield code="a">19</subfield>
   <subfield code="a">20</subfield>
   <subfield code="a">21</subfield>
   <subfield code="a">22</subfield>
   <subfield code="a">23</subfield>
   <subfield code="a">24</subfield>
   <subfield code="a">25</subfield>
   <subfield code="a">26</subfield>
   <subfield code="b">28-05-17</subfield>
   <subfield code="c">m</subfield>
   <subfield code="d">z  </subfield>
   <subfield code="e">-</subfield>
   <subfield code="f">gre</subfield>
   <subfield code="g">gr </subfield>
   <subfield code="h">0</subfield>
  </datafield>
  <datafield tag="942" ind1=" " ind2=" ">
   <subfield code="2">ddc</subfield>
   <subfield code="c">KALLIPOS</subfield>
  </datafield>
 </record>
</collection>
